Automated materials handling : (Record no. 5712)
[ view plain ]
| 000 -LEADER | |
|---|---|
| fixed length control field | 01189nac a22002531u 4500 |
| 010 ## - LIBRARY OF CONGRESS CONTROL NUMBER | |
| LC control number | 85214800 |
| 020 ## - INTERNATIONAL STANDARD BOOK NUMBER | |
| International Standard Book Number | 0903608901 : |
| 082 00 - DEWEY DECIMAL CLASSIFICATION NUMBER | |
| Classification number | 621.86 |
| Item number | HOL |
| 090 ## - LOCALLY ASSIGNED LC-TYPE CALL NUMBER (OCLC); LOCAL CALL NUMBER (OCLC) | |
| -- | 5712 |
| -- | 5712 |
| 100 ## - MAIN ENTRY--PERSONAL NAME | |
| Personal name | Hollier, Prof.R.H [ed. |
| 111 2# - MAIN ENTRY--MEETING NAME | |
| Meeting name or jurisdiction name as entry element | International Conference on Automated Materials Handling |
| Date of meeting | 1985 : |
| Location of meeting | Birmingham, England) |
| 245 10 - TITLE STATEMENT | |
| Title | Automated materials handling : |
| Remainder of title | proceedings of the 2nd international conference : 15-17 May 1985, Birmingham, UK / |
| Statement of responsibility, etc | edited by R.H. Hollier. |
| 260 ## - PUBLICATION, DISTRIBUTION, ETC. (IMPRINT) | |
| Place of publication, distribution, etc | Kempston, Bedford, England : |
| Name of publisher, distributor, etc | IFS Publications ; |
| Place of publication, distribution, etc | New York, NY : |
| Name of publisher, distributor, etc | Elsevier Science Pub. Co.,c1985. |
| Date of publication, distribution, etc | c1985. |
| 300 ## - PHYSICAL DESCRIPTION | |
| Extent | viii, 282 p. : |
| Other physical details | ill. ; |
| Dimensions | 31 cm. |
| 500 ## - GENERAL NOTE | |
| General note | "Organised and sponsored by IFS (Conferences) Ltd." |
| 500 ## - GENERAL NOTE | |
| General note | Cover title: Proceedings of the 2nd International Conference on Automated Materials Handling. |
| 500 ## - GENERAL NOTE | |
| General note | Includes index. |
| 500 ## - GENERAL NOTE | |
| General note | Distributer : Al-Ahram. |
| 511 ## - PARTICIPANT OR PERFORMER NOTE | |
| Participant or performer note | Catalogued By : mahitab. |
| 650 #0 - SUBJECT ADDED ENTRY--TOPICAL TERM | |
| Topical term or geographic name as entry element | Materials handling |
| General subdivision | Automation |
| -- | Congresses. |
| 710 2# - ADDED ENTRY--CORPORATE NAME | |
| Corporate name or jurisdiction name as entry element | IFS (Conferences) Ltd. |
| 740 0# - ADDED ENTRY--UNCONTROLLED RELATED/ANALYTICAL TITLE | |
| Uncontrolled related/analytical title | Proceedings of the 2nd International Conference on Automated Materials Handling. |
| 942 ## - ADDED ENTRY ELEMENTS (KOHA) | |
| Item type | Book - Borrowing |
| Call number prefix | 621.86HOL |
| Withdrawn status | Item status | Damaged status | Not for loan | Home library | Current library | Shelving location | Date acquired | Source of acquisition | Total Checkouts | Full call number | Barcode | Date last seen | Koha item type |
|---|---|---|---|---|---|---|---|---|---|---|---|---|---|
| Central Library | Central Library | First floor | 04/11/2007 | Purchase | 621.86HOL | 000007021 | 15/07/2025 | Book - Borrowing |